Tres obras de teatro salvadoreño (Registro nro. 19895)

Detalles MARC
000 -CABECERA
Longitud fija campo de control 00731nam a2200217 a 4500
001 - NÚMERO DE CONTROL
Número de control 3263571
003 - IDENTIFICADOR DELl NÚMERO DE CONTROL
Identificador del número de control OSt
005 - FECHA Y HORA DE LA ÚLTIMA TRANSACCIÓN
Fecha y hora de la última transacción 20150325082700.0
008 - CÓDIGOS DE INFORMACIÓN DE LONGITUD FIJA
Códigos de información de longitud fija 810812s1980 es f000 0 spa
010 ## - NÚMERO DE CONTROL DE LA BIBLIOTECA DEL CONGRESO
Número de control de LC 81106046
040 ## - FUENTE DE LA CATALOGACIÓN
Centro transcriptor BMC
082 ## - NÚMERO DE LA CLASIFICACIÓN DECIMAL DEWEY
Númeroo de clasificación Sv862
100 1# - PUNTO DE ACCESO PRINCIPAL-NOMBRE DE PERSONA
Nombre de persona Cossier, Darío
9 (RLIN) 33119
245 10 - MENCIÓN DE TÍTULO
Título Tres obras de teatro salvadoreño
Mención de responsabilidad, etc. Darío Cossier ; prólogo, Saúl Flores
260 ## - PUBLICACIÓN, DISTRIBUCIÓN, ETC. (PIE DE IMPRENTA)
Lugar de publicación, distribución, etc. San Salvador
Nombre del editor, distribuidor, etc. Teatro Obrero del Ministerio de Trabajo y Previsión Social
Fecha de publicación, distribución, etc. [1980?]
300 ## - DESCRIPCIÓN FÍSICA
Extensión 67 p.
Dimensiones 23 cm
500 ## - NOTA GENERAL
Nota general Datos tomados de la cub.
505 0# - NOTA DE CONTENIDO CON FORMATO
Nota de contenido con formato Contiene: Un extraño señor -- Cuando canta la primavera -- Joven, buen mozo ... y jubilado.
650 24 - PUNTO DE ACCESO ADICIONAL DE MATERIA - TÉRMINO DE MATERIA
9 (RLIN) 485
Término de materia o nombre geográfico como elemento inicial Teatro salvadoreño
942 ## - ENTRADA DE ELEMENTOS AGREGADOS (KOHA)
Fuente de clasificaión o esquema Dewey Decimal Classification
Koha [por defecto] tipo de item 1- Monografias
Parte de clasificación ahoj
Existencias
Suprimido Perdido Fuente de clasificación o esquema Estropeado Restricciones de uso No para préstamo Código de colección Localización permanente Localización actual Localización en estanter&íacute;as Fecha adquisición Fuente de adquisición Número de inventario Préstamos totales Signatura completa Código de barras Fecha última consulta Coste, precio reemplazado Fecha del precio de reemplazo Tipo de item de Koha
NULL NULL Dewey Decimal Classification NULL Prestable NULL NULL Biblioteca Miguel de Cervantes - UNICAES Biblioteca Miguel de Cervantes - UNICAES Sala Principal 07/04/2015 Donación - Mayorga Rivas 029552   T COS tre 1030205 07/04/2015 6.00 07/04/2015 1- Monografias